El aporte latinoamericano al desarrollo filosófico del pensamiento económico / (Registro nro. 5504)
[ vista simple ]
| 000 -LEADER | |
|---|---|
| fixed length control field | 00824nam a2200229Ia 4500 |
| 003 - CONTROL NUMBER IDENTIFIER | |
| control field | OSt |
| 005 - DATE AND TIME OF LATEST TRANSACTION | |
| control field | 20200617185027.0 |
| 008 - FIXED-LENGTH DATA ELEMENTS--GENERAL INFORMATION | |
| fixed length control field | 191128s1990 ck gr 000 0 spa d |
| 040 ## - CATALOGING SOURCE | |
| Original cataloging agency | CO-JMCR |
| Transcribing agency | CO-JMCR |
| 041 0# - LANGUAGE CODE | |
| Language code of text/sound track or separate title | spa |
| 082 04 - DEWEY DECIMAL CLASSIFICATION NUMBER | |
| Classification number | 330.15 / |
| Item number | B715a |
| Edition number | 23 |
| 100 1# - MAIN ENTRY--PERSONAL NAME | |
| Personal name | Brand, Salvador Osvaldo, |
| Relator term | autor |
| 9 (RLIN) | 5765 |
| 245 13 - TITLE STATEMENT | |
| Title | El aporte latinoamericano al desarrollo filosófico del pensamiento económico / |
| Statement of responsibility, etc. | Salvador Osvaldo Brand, Julian Sabogal Tamayo |
| 260 ## - PUBLICATION, DISTRIBUTION, ETC. | |
| Place of publication, distribution, etc. | [Colombia] : |
| Name of publisher, distributor, etc. | Universidad Simón Bolivar, |
| Date of publication, distribution, etc. | [1990?]. |
| 300 ## - PHYSICAL DESCRIPTION | |
| Extent | 65 páginas ; |
| Dimensions | 20 cm. |
| 490 0# - SERIES STATEMENT | |
| Series statement | Suplemento especial desarrollo indoamericano |
| 650 14 - SUBJECT ADDED ENTRY--TOPICAL TERM | |
| Topical term or geographic name entry element | Pensamiento económico |
| 9 (RLIN) | 5766 |
| 650 24 - SUBJECT ADDED ENTRY--TOPICAL TERM | |
| Topical term or geographic name entry element | Filosofía de la economía |
| 9 (RLIN) | 5767 |
| 650 24 - SUBJECT ADDED ENTRY--TOPICAL TERM | |
| Topical term or geographic name entry element | Teoría económica |
| 9 (RLIN) | 5768 |
| 700 1# - ADDED ENTRY--PERSONAL NAME | |
| Personal name | Sabogal Tamayo, Julian, |
| Relator term | autor |
| 9 (RLIN) | 5769 |
| 942 ## - ADDED ENTRY ELEMENTS (KOHA) | |
| Source of classification or shelving scheme | Dewey Decimal Classification |
| Koha item type | Books |
| Withdrawn status | Lost status | Source of classification or shelving scheme | Materials specified (bound volume or other part) | Damaged status | Not for loan | Home library | Current library | Shelving location | Date acquired | Source of acquisition | Cost, normal purchase price | Total Checkouts | Full call number | Barcode | Date last seen | Copy number | Price effective from | Koha item type |
|---|---|---|---|---|---|---|---|---|---|---|---|---|---|---|---|---|---|---|
| Dewey Decimal Classification | Donación--15/04/2018-- | Biblioteca Pública José María del Castillo y Rada | Biblioteca Pública José María del Castillo y Rada | General Stacks | 11/28/2019 | Donación | 0.00 | 330.15 / B715a | 430002013 | 05/16/2024 | Ej.1 | 11/28/2019 | Books |